[Event "Sparkassen-Open B"]
[Site "Heusenstamm, Martinsee"]
[Date "2017.11.25"]
[Round "5.40"]
[White "Wöhl, Torsten"]
[Black "Spill, Werner"]
[Result "0-1"]
[WhiteElo "1559"]
[BlackElo "1372"]
[PlyCount "107"]
[EventDate "2017.??.??"]
[WhiteTeam "SC Groß-Zimmern"]
[BlackTeam "SC Königsspringer Alzenau"]

1. d4 Nf6 2. Bf4 e6 3. e3 c5 4. c3 b6 5. Be2 Bb7 6. Bf3 d5 7. Nd2 cxd4 8. exd4
Bd6 9. Bg3 O-O 10. Bh4 Nbd7 11. Nc4 Be7 12. Ne2 Ne4 13. Bg3 dxc4 14. Qc2 f5 15.
Nf4 Bd5 16. O-O-O Bg5 17. Kb1 Bxf4 18. Bxf4 b5 19. a3 a5 20. Rhe1 b4 21. Rxe4
fxe4 22. Bd6 Rf6 23. Bxe4 Bxe4 24. Qxe4 bxc3 25. f3 Ra6 26. Be5 Nxe5 27. Qxe5
Qb6 28. Qe2 Qb3 29. Rc1 Rb6 30. Rc2 Qxa3 31. d5 Rxb2+ 32. Rxb2 Qxb2+ 33. Qxb2
cxb2 34. d6 e5 35. d7 Rd6 36. Kxb2 Rxd7 37. Kc3 Rc7 38. h4 Kf7 39. g4 h6 40.
Kc2 Rb7 41. g5 hxg5 42. h5 a4 43. Kc3 a3 44. Kxc4 a2 45. f4 exf4 46. Kc5 a1=R
47. Kc6 Rab1 48. Kd6 R1b6+ 49. Kc5 Ke6 50. Kd4 Rd6+ 51. Ke4 Rb4+ 52. Kf3 Kf5
53. Ke2 Ke4 54. Ke1 0-1

[Event "Sparkassen-Open B"]
[Site "Heusenstamm, Martinsee"]
[Date "2017.11.25"]
[Round "5.41"]
[White "Landvoigt, Martin"]
[Black "Memmeler, Björn"]
[Result "1/2-1/2"]
[WhiteElo "1310"]
[BlackElo "1556"]
[PlyCount "82"]
[EventDate "2017.??.??"]
[WhiteTeam "SF Friedberg"]
[BlackTeam "SF Mainz"]

1. f4 b6 2. Nf3 Ba6 3. d3 e6 4. e3 g6 5. Be2 Bg7 6. c3 c5 7. O-O Ne7 8. d4 Bxe2
9. Qxe2 cxd4 10. cxd4 d5 11. Nc3 O-O 12. Ng5 h6 13. Nf3 a6 14. b3 b5 15. Ba3
Nbc6 16. Bb2 b4 17. Na4 a5 18. Nc5 Nf5 19. Rac1 Qe7 20. Rfe1 Nd6 21. Ne5 Nxe5
22. dxe5 Nb7 23. Nxb7 Qxb7 24. Rc2 Rac8 25. Rec1 Rxc2 26. Rxc2 Rc8 27. Bd4 Bf8
28. Qd1 Qa6 29. Qc1 Rxc2 30. Qxc2 Qb7 31. h3 h5 32. g4 hxg4 33. hxg4 Qe7 34. g5
Bg7 35. Kg2 Qb7 36. Kg3 Qb5 37. Kf2 Qb7 38. Qc5 Qa6 39. Qc7 Qd3 40. Qxa5 Qd2+
41. Kf3 Qd1+ 1/2-1/2

[Event "Sparkassen-Open B"]
[Site "Heusenstamm, Martinsee"]
[Date "2017.11.25"]
[Round "5.42"]
[White "Kirchner, Stefan"]
[Black "Wiese, Frank"]
[Result "1/2-1/2"]
[WhiteElo "1546"]
[BlackElo "1338"]
[PlyCount "99"]
[EventDate "2017.??.??"]
[WhiteTeam "SF Schöneck"]
[BlackTeam "SF Frankfurt"]

1. e4 e5 2. Nf3 Nc6 3. Bc4 Bc5 4. c3 Nf6 5. b4 Bb6 6. d3 d6 7. a4 a5 8. b5 Ne7
9. O-O Ng6 10. Be3 Bxe3 11. fxe3 Be6 12. Nbd2 O-O 13. Ng5 Bxc4 14. Nxc4 Qd7 15.
h3 h6 16. Nf3 Rfe8 17. Ncd2 d5 18. c4 dxe4 19. Nxe4 Nxe4 20. dxe4 Qxd1 21.
Raxd1 Rad8 22. Rd5 Rxd5 23. exd5 b6 24. Kf2 f6 25. g4 Kf7 26. h4 Nf8 27. Ke2
Nd7 28. Nd2 Nc5 29. Ra1 e4 30. Ra3 Re5 31. Nb3 Nxb3 32. Rxb3 h5 33. gxh5 Rxh5
34. Rc3 Ke7 35. Kf2 Rxh4 36. c5 bxc5 37. Rxc5 Kd6 38. Rc6+ Kxd5 39. Rxc7 Rh2+
40. Kg3 Rb2 41. Ra7 Rb3 42. Kf2 g5 43. Rxa5 Kc5 44. Ra8 Kb6 45. Ra6+ Kb7 46.
Rxf6 Rb2+ 47. Kg3 Rb3 48. Kg4 Rxe3 49. Kxg5 Ra3 50. Ra6 1/2-1/2

[Event "Sparkassen-Open B"]
[Site "Heusenstamm, Martinsee"]
[Date "2017.11.25"]
[Round "5.43"]
[White "Ummen, Jonathan"]
[Black "Löhr, Frederic"]
[Result "1-0"]
[WhiteElo "1520"]
[BlackElo "1127"]
[PlyCount "111"]
[EventDate "2017.??.??"]
[WhiteTeam "vereinslos"]
[BlackTeam "SF Ötzingen"]

1. Nf3 g6 2. d4 Bg7 3. c4 Nf6 4. Nc3 d6 5. Bg5 O-O 6. h3 Be6 7. e3 b6 8. Be2 c5
9. O-O Bf5 10. d5 Nbd7 11. Nh4 e6 12. e4 Bxe4 13. Nxe4 Qb8 14. Nxf6+ Nxf6 15.
Nf3 Ne4 16. Qc2 exd5 17. cxd5 Nxg5 18. Nxg5 Qd8 19. Nf3 Re8 20. Bb5 Re7 21.
Rfe1 a6 22. Rxe7 Qxe7 23. Re1 Qf6 24. Bc6 Rb8 25. b3 a5 26. a4 Rc8 27. g4 Qxf3
28. Re3 Qf6 29. Kg2 Qh4 30. Qe2 Qf6 31. Kg3 Qb2 32. Qa6 Be5+ 33. f4 Bxf4+ 34.
Kxf4 Qd4+ 35. Kf3 Qf6+ 36. Kg3 Rb8 37. Qa7 Rd8 38. Qxb6 g5 39. Re2 Rf8 40. Qb5
Qf4+ 41. Kg2 h5 42. gxh5 g4 43. Qd3 gxh3+ 44. Kxh3 Qf1+ 45. Rg2+ Qxg2+ 46. Kxg2
Kh8 47. Qc3+ Kh7 48. Bb5 Rg8+ 49. Kh3 f5 50. Qf6 Rg1 51. Be8 Rh1+ 52. Kg2 Rb1
53. Bg6+ Kh6 54. Bxf5+ Kxh5 55. Qg6+ Kh4 56. Qg4# 1-0

[Event "Sparkassen-Open B"]
[Site "Heusenstamm, Martinsee"]
[Date "2017.11.25"]
[Round "5.44"]
[White "Ramien, Hannah"]
[Black "Hüttinger, Siegfried"]
[Result "0-1"]
[WhiteElo "1369"]
[BlackElo "1519"]
[PlyCount "60"]
[EventDate "2017.??.??"]
[WhiteTeam "SG Porz"]
[BlackTeam "SC Königsspringer Alzenau"]

1. e4 c5 2. Nc3 Nc6 3. f4 g6 4. Nf3 Bg7 5. d3 e6 6. Be2 Nge7 7. O-O d5 8. Qe1
a6 9. Bd2 b5 10. a3 Bb7 11. Na2 Nd4 12. Bd1 Nxf3+ 13. Bxf3 Bxb2 14. Rb1 Bd4+
15. Kh1 O-O 16. e5 c4 17. dxc4 Bc5 18. Bb4 Qc7 19. Ba5 Qc6 20. cxd5 Nxd5 21.
Bb4 Qc7 22. Qe4 Rab8 23. Qd3 Rfd8 24. Bxd5 Rxd5 25. Qg3 Bxb4 26. Nxb4 Rd2 27.
Rf2 Rbd8 28. Rxd2 Rxd2 29. Qh4 Rxg2 30. Qf6 Rg5+ 0-1

[Event "Sparkassen-Open B"]
[Site "Heusenstamm, Martinsee"]
[Date "2017.11.25"]
[Round "5.45"]
[White "Fritsch, Reinhold"]
[Black "Pessotschinski, Eduard"]
[Result "1/2-1/2"]
[WhiteElo "1653"]
[BlackElo "1297"]
[PlyCount "62"]
[EventDate "2017.??.??"]
[WhiteTeam "SC Somborn"]
[BlackTeam "TuS Makkabi"]

1. e4 c5 2. Nf3 d6 3. h3 Nf6 4. e5 dxe5 5. Nxe5 Nbd7 6. Nf3 g6 7. Bc4 Bg7 8. d4
O-O 9. O-O Nb6 10. Be2 Ne4 11. Bd3 f5 12. Qe2 Qd5 13. Bf4 cxd4 14. a4 a5 15.
Na3 Bd7 16. Nc4 Nxa4 17. Rxa4 Bxa4 18. Nb6 Qc6 19. Nxa8 Rxa8 20. Bc4+ Kf8 21.
b3 Nc3 22. Qd3 b5 23. Nxd4 Bxd4 24. bxa4 bxc4 25. Bh6+ Kf7 26. Qd2 Qxa4 27. Re1
Nb5 28. Qe2 Qb4 29. Qe6+ Ke8 30. Qc6+ Kf7 31. Qe6+ Ke8 1/2-1/2

[Event "Sparkassen-Open B"]
[Site "Heusenstamm, Martinsee"]
[Date "2017.11.25"]
[Round "5.46"]
[White "Boder, Jörg"]
[Black "Hansen, Thore"]
[Result "0-1"]
[WhiteElo "1139"]
[BlackElo "1648"]
[PlyCount "86"]
[EventDate "2017.??.??"]
[WhiteTeam "SG Mörsdorf-Lahr"]
[BlackTeam "vereinslos"]

1. b3 e6 2. Bb2 d5 3. e3 c5 4. Nf3 Nc6 5. Bb5 Bd7 6. Bxc6 Bxc6 7. Ne5 Nf6 8.
Nxc6 bxc6 9. d3 d4 10. Qf3 Rc8 11. Nd2 Be7 12. Nc4 O-O 13. O-O-O a5 14. a4 dxe3
15. fxe3 Nd7 16. Rhf1 f6 17. h4 Ne5 18. Nxe5 fxe5 19. Qg4 Qd6 20. Rf3 Rxf3 21.
gxf3 Rf8 22. d4 exd4 23. exd4 Bf6 24. Bc3 cxd4 25. Bxa5 e5 26. c3 Qa3+ 27. Kc2
Qa2+ 28. Kd3 Qxb3 29. f4 dxc3 30. Bxc3 Rd8+ 31. Ke4 Qxd1 32. Qxd1 Rxd1 33. fxe5
Bxh4 34. e6 Be7 35. a5 Rc1 36. Kd3 Rd1+ 37. Ke4 Bf6 38. Bxf6 gxf6 39. Kf5 Rf1+
40. Kg4 Kf8 41. a6 Ra1 42. Kf5 Ke7 43. a7 Rxa7 0-1

[Event "Sparkassen-Open B"]
[Site "Heusenstamm, Martinsee"]
[Date "2017.11.25"]
[Round "5.47"]
[White "Rupp, Arnim"]
[Black "Häfner, Günther"]
[Result "1/2-1/2"]
[WhiteElo "1636"]
[BlackElo "1238"]
[PlyCount "51"]
[EventDate "2017.??.??"]
[WhiteTeam "SC Eschborn"]
[BlackTeam "Berkershm"]

1. d4 d5 2. Nf3 Nc6 3. c3 Nf6 4. Bf4 Bf5 5. h3 e6 6. Nh4 Nh5 7. Bh2 Be7 8. Nxf5
exf5 9. e4 fxe4 10. Qxh5 O-O 11. Bb5 Qd7 12. O-O a6 13. Bxc6 Qxc6 14. Nd2 Rfe8
15. Rac1 b5 16. b3 Bf6 17. Rfe1 Rac8 18. Bf4 Qd7 19. f3 Qc6 20. fxe4 dxe4 21.
Re3 b4 22. Bg5 bxc3 23. Rcxc3 Qd5 24. Qe2 Bxg5 25. Rc5 Bxe3+ 26. Qxe3 1/2-1/2

[Event "Sparkassen-Open B"]
[Site "Heusenstamm, Martinsee"]
[Date "2017.11.25"]
[Round "5.48"]
[White "Moldenhauer, Lennart"]
[Black "Weyerer, Noah"]
[Result "1/2-1/2"]
[WhiteElo "1502"]
[BlackElo "1154"]
[PlyCount "82"]
[EventDate "2017.??.??"]
[WhiteTeam "SV Oberursel"]
[BlackTeam "SV Oberursel"]

1. e4 e5 2. Nf3 Nc6 3. d4 exd4 4. Nxd4 Bc5 5. Nf5 g6 6. Ne3 Nf6 7. Nc3 O-O 8.
g3 Bb4 9. Bg2 Re8 10. Qd3 Qe7 11. Ned5 Nxd5 12. Qxd5 Qe6 13. Qd3 d5 14. O-O
Bxc3 15. Qxc3 dxe4 16. Bh6 Qe5 17. Qxe5 Rxe5 18. Bf4 Re7 19. Rfe1 Bf5 20. h3
Nb4 21. Re2 Rae8 22. g4 Bc8 23. a3 Nd5 24. Bg3 c6 25. Rae1 f5 26. c4 Nf6 27. f3
e3 28. Bh4 Kg7 29. Bg5 h6 30. Bf4 g5 31. Bd6 Re6 32. Bc5 b6 33. Bd4 f4 34. Bf1
c5 35. Bc3 Ba6 36. Rh2 Bb7 37. Bg2 Ba6 38. Bf1 Bb7 39. Bg2 Ba6 40. Bf1 Bb7 41.
Bg2 Ba6 1/2-1/2

[Event "Sparkassen-Open B"]
[Site "Heusenstamm, Martinsee"]
[Date "2017.11.25"]
[Round "5.49"]
[White "Gräf, Jakob"]
[Black "Samy A S, Anthoni"]
[Result "0-1"]
[WhiteElo "1476"]
[BlackElo "1098"]
[PlyCount "152"]
[EventDate "2017.??.??"]
[WhiteTeam "SV Frankfurt Nord"]
[BlackTeam "SF Friedberg"]

1. f4 Nf6 2. Nf3 d5 3. d4 e6 4. e3 c5 5. c3 c4 6. Be2 b5 7. Nbd2 Nbd7 8. O-O
Bd6 9. Ne5 O-O 10. Ndf3 h6 11. b3 Nb6 12. Nc6 Qc7 13. Nfe5 Bb7 14. Na5 Ne4 15.
Bb2 Nd7 16. b4 Nb6 17. Bf3 Na4 18. Bxe4 dxe4 19. Qc2 f6 20. Ng4 h5 21. Nf2 f5
22. Nh3 Be7 23. Rab1 g6 24. Qf2 Bd5 25. Qg3 Kg7 26. Rfc1 Qd8 27. Qf2 Bh4 28. g3
Be7 29. Qe2 Rh8 30. Nf2 h4 31. g4 g5 32. gxf5 exf5 33. h3 Kf7 34. Kf1 Qg8 35.
fxg5 Qxg5 36. Ke1 Bd6 37. Kd2 f4 38. Kc2 fxe3 39. Ng4 Bf4 40. Rf1 Ke6 41. Bc1
Rhf8 42. Bxe3 Rf7 43. Ne5 Rf6 44. Bxf4 Rxf4 45. Rxf4 Qxf4 46. Rf1 Qg3 47. Qd2
Rh8 48. Nf7 Qd3+ 49. Qxd3 exd3+ 50. Kd2 Rf8 51. Ng5+ Ke7 52. Rxf8 Kxf8 53. Nh7+
Kg7 54. Ng5 Kg6 55. Ne6 Bxe6 56. Nc6 Bxh3 57. Ne5+ Kf5 58. Nf3 Kg4 59. Ne5+ Kg3
60. d5 Kf2 61. d6 Nb6 62. Ng6 Kg3 63. a3 Nc8 64. Nxh4 Kxh4 65. a4 bxa4 66. b5
Nxd6 67. b6 axb6 68. Ke1 Kg3 69. Kd2 Kf2 70. Kd1 Bg4+ 71. Kd2 Ne4+ 72. Kc1 d2+
73. Kb2 d1=Q 74. Ka2 Qc2+ 75. Ka1 Qxc3+ 76. Ka2 a3 0-1

[Event "Sparkassen-Open B"]
[Site "Heusenstamm, Martinsee"]
[Date "2017.11.25"]
[Round "5.52"]
[White "Gräf, Roman Konrad"]
[Black "Tobias, Christian"]
[Result "0-1"]
[WhiteElo "1191"]
[BlackElo "1457"]
[PlyCount "60"]
[EventDate "2017.??.??"]
[WhiteTeam "SV Frankfurt Nord"]
[BlackTeam "SV Oberursel"]

1. d4 d5 2. Bf4 Nf6 3. Nf3 Nc6 4. e3 Bg4 5. h3 Bf5 6. Be2 e6 7. O-O Bd6 8. c3
O-O 9. Nbd2 Re8 10. Bb5 e5 11. dxe5 Bxe5 12. Bxe5 Rxe5 13. Bxc6 bxc6 14. g4
Bxg4 15. hxg4 Re8 16. Qa4 Qd7 17. Nd4 Qxg4+ 18. Kh2 Re5 19. Nf5 Qxa4 20. Rg1
Rxf5 21. Kg2 Rg5+ 22. Kf1 Rxg1+ 23. Kxg1 Qg4+ 24. Kf1 Ne4 25. Nxe4 dxe4 26. Rb1
Rd8 27. Rc1 Qf3 28. Re1 Rd2 29. Kg1 Qxf2+ 30. Kh1 Qg2# 0-1

[Event "Sparkassen-Open B"]
[Site "Heusenstamm, Martinsee"]
[Date "2017.11.25"]
[Round "5.53"]
[White "Espig, Nils"]
[Black "Papadopoulos, Leon"]
[Result "1-0"]
[WhiteElo "1409"]
[BlackElo "1085"]
[PlyCount "39"]
[EventDate "2017.??.??"]
[WhiteTeam "USV TU Dresden"]
[BlackTeam "SV Oberursel"]

1. e4 e5 2. Nf3 Nc6 3. Bc4 Bc5 4. b4 Bxb4 5. c3 Bc5 6. d4 exd4 7. cxd4 Bb4+ 8.
Bd2 Bxd2+ 9. Nbxd2 Nf6 10. O-O O-O 11. Qb3 d6 12. Ng5 Nxd4 13. Bxf7+ Rxf7 14.
Qxf7+ Kh8 15. Qc4 Nc6 16. Nf7+ Kg8 17. Nxd8+ Kh8 18. Qf7 Ng8 19. Qe8 Nce7 20.
Nf7# 1-0

[Event "Sparkassen-Open B"]
[Site "Heusenstamm, Martinsee"]
[Date "2017.11.25"]
[Round "5.55"]
[White "von Beckh, Frieda"]
[Black "Solovej, Philip"]
[Result "1-0"]
[WhiteElo "1288"]
[BlackElo "1190"]
[PlyCount "99"]
[EventDate "2017.??.??"]
[WhiteTeam "SC Eschborn"]
[BlackTeam "SK Gründau"]

1. e4 e5 2. Nf3 Nc6 3. d4 d6 4. dxe5 dxe5 5. Qxd8+ Kxd8 6. Bb5 Bd6 7. O-O Nge7
8. Nc3 a6 9. Ba4 b5 10. Bb3 f6 11. Be3 Bb7 12. Rfd1 Ke8 13. Nd5 Nb4 14. Nxb4
Bxb4 15. c3 Bd6 16. Bc2 g6 17. Bh6 f5 18. Re1 fxe4 19. Bxe4 Bxe4 20. Rxe4 Nc6
21. Bg7 Rg8 22. Bxe5 Bxe5 23. Nxe5 Nxe5 24. Rxe5+ Kf7 25. Rae1 Rge8 26. Rxe8
Rxe8 27. Rxe8 Kxe8 28. f4 c5 29. Kf2 Ke7 30. Ke3 Ke6 31. Ke4 h6 32. g4 a5 33.
h4 a4 34. h5 gxh5 35. gxh5 a3 36. bxa3 Kf6 37. f5 Kg5 38. Ke5 Kxh5 39. f6 Kg6
40. Ke6 h5 41. Ke7 h4 42. f7 h3 43. f8=Q Kg5 44. Qh8 Kg4 45. Qxh3+ Kxh3 46. Kd6
b4 47. axb4 cxb4 48. cxb4 Kg4 49. b5 Kf5 50. b6 1-0

[Event "Sparkassen-Open B"]
[Site "Heusenstamm, Martinsee"]
[Date "2017.11.25"]
[Round "5.56"]
[White "Englert, Lin"]
[Black "Gräf, Britta"]
[Result "1-0"]
[WhiteElo "1227"]
[BlackElo "950"]
[PlyCount "175"]
[EventDate "2017.??.??"]
[WhiteTeam "TV-Großostheim"]
[BlackTeam "SV Frankfurt Nord"]

1. e4 d6 2. d4 Nf6 3. Nc3 g6 4. Nf3 Nc6 5. Bb5 a6 6. Bc4 Na5 7. Be2 Bg7 8. O-O
O-O 9. Bf4 Re8 10. Qd2 h6 11. Bxh6 b5 12. Bxg7 Kxg7 13. a3 Nc4 14. Bxc4 bxc4
15. Qe2 Be6 16. h3 Rh8 17. Kh2 Qd7 18. Ng5 Rh6 19. Nxe6+ Qxe6 20. Qf3 Rah8 21.
d5 Qd7 22. Rh1 Kf8 23. Kg1 Nh7 24. Qg4 Ke8 25. Qxd7+ Kxd7 26. f4 g5 27. f5 f6
28. Ne2 c6 29. dxc6+ Kxc6 30. Nd4+ Kd7 31. b3 Rc8 32. b4 Rh4 33. Re1 Nf8 34. g3
Rh6 35. h4 g4 36. c3 Rb8 37. Rh2 Kc7 38. Rb2 Nd7 39. a4 Ne5 40. Reb1 Rhh8 41.
a5 Rb7 42. b5 Nd3 43. Ra2 Rhb8 44. b6+ Kd7 45. Ne6 Ke8 46. Nf4 Nc5 47. Kf2
Nxe4+ 48. Ke3 Nxc3 49. Rba1 Nxa2 50. Rxa2 Rc8 51. Rc2 Rc5 52. Ra2 Rxf5 53. Kd4
e5+ 54. Ke4 exf4 55. Kxf5 fxg3 56. Rg2 Kd8 57. Rxg3 Rg7 58. Ke4 Re7+ 59. Kd4 f5
60. Kxc4 Re4+ 61. Kd5 Kd7 62. h5 Ra4 63. h6 Rxa5+ 64. Kd4 Kc6 65. h7 Rd5+ 66.
Ke3 Re5+ 67. Kf4 Kxb6 68. h8=Q Re4+ 69. Kxf5 d5 70. Rxg4 Rxg4 71. Kxg4 a5 72.
Qd8+ Kb5 73. Qxd5+ Ka4 74. Qa2+ Kb5 75. Kf4 a4 76. Ke3 Kb4 77. Kd3 Ka5 78. Kc3
Kb5 79. Qb2+ Ka5 80. Qb4+ Ka6 81. Qxa4+ Kb7 82. Qc4 Ka7 83. Qb5 Ka8 84. Qd7 Kb8
85. Kc4 Ka8 86. Kb5 Kb8 87. Kb6 Ka8 88. Qa7# 1-0

[Event "Sparkassen-Open B"]
[Site "Heusenstamm, Martinsee"]
[Date "2017.11.26"]
[Round "6.1"]
[White "Ringeltaube, Denny"]
[Black "Björknes, Uwe"]
[Result "0-1"]
[WhiteElo "1746"]
[BlackElo "1696"]
[PlyCount "102"]
[EventDate "2017.??.??"]
[WhiteTeam "Klub Kölner SF"]
[BlackTeam "SC Bergen-Enkheim"]

1. e4 d5 2. exd5 Nf6 3. d4 Nxd5 4. c4 Nb6 5. Nc3 e5 6. Be3 Bb4 7. a3 Bxc3+ 8.
bxc3 O-O 9. Be2 Nc6 10. Nf3 e4 11. Nd2 f5 12. d5 Ne5 13. O-O Qe7 14. Qb3 Nbd7
15. c5 Kh8 16. Nc4 f4 17. Bd4 f3 18. Nxe5 fxe2 19. Rfe1 Nxe5 20. Bxe5 Qxe5 21.
Rxe2 Bg4 22. Re3 Qf5 23. Ra2 Bh5 24. Rd2 Qg6 25. Rg3 Qf6 26. h3 b6 27. cxb6
axb6 28. Qb4 Qf4 29. Qd4 Bg6 30. Rg4 Qf6 31. Qb4 Bh5 32. Rg3 Rad8 33. c4 Qa1+
34. Kh2 Bg6 35. Re2 Qd4 36. Rd2 Qe5 37. Re2 Rf6 38. Kg1 Bh5 39. Ree3 Rdf8 40.
Qe1 Rxf2 41. Qc3 Qxc3 42. Rxc3 Rf1+ 43. Kh2 R1f5 44. Rge3 Re5 45. Rb3 h6 46. d6
cxd6 47. Rxb6 Rf2 48. Rxd6 Bf3 49. Kg1 Rxg2+ 50. Kf1 Rh5 51. Rd8+ Kh7 0-1

[Event "Sparkassen-Open B"]
[Site "Heusenstamm, Martinsee"]
[Date "2017.11.26"]
[Round "6.2"]
[White "Englert, Fred"]
[Black "Merges, Harald"]
[Result "1/2-1/2"]
[WhiteElo "1778"]
[BlackElo "1773"]
[PlyCount "71"]
[EventDate "2017.??.??"]
[WhiteTeam "SK Klingenberg"]
[BlackTeam "SG Reil-Kinheim"]

1. c4 Nf6 2. g3 c6 3. Bg2 d5 4. Nf3 e6 5. O-O Be7 6. b3 O-O 7. Bb2 b6 8. d4
Nbd7 9. Nc3 Ba6 10. Nd2 Rc8 11. Re1 dxc4 12. bxc4 b5 13. c5 e5 14. e3 exd4 15.
exd4 b4 16. Nce4 Bb5 17. a3 bxa3 18. Rxa3 Nxe4 19. Nxe4 a6 20. Bc3 Nf6 21. Ba5
Qd7 22. Ng5 Rce8 23. Rae3 Nd5 24. Bh3 Nxe3 25. Qh5 Qxh3 26. Nxh3 Nd5 27. Qf3
Bf6 28. Re4 Bd8 29. Bxd8 Rxd8 30. Ng5 h6 31. Nh3 Rde8 32. Kg2 Rxe4 33. Qxe4 Nf6
34. Qf4 Bc4 35. Ng1 Re8 36. h3 1/2-1/2

[Event "Sparkassen-Open B"]
[Site "Heusenstamm, Martinsee"]
[Date "2017.11.26"]
[Round "6.3"]
[White "Bunjaku, Lulzim"]
[Black "Bach, Oliver"]
[Result "1-0"]
[WhiteElo "1756"]
[BlackElo "1599"]
[PlyCount "39"]
[EventDate "2017.??.??"]
[WhiteTeam "SC Heusenstamm"]
[BlackTeam "Frankfurter TV"]

1. f4 d6 2. Nf3 Nf6 3. e3 g6 4. d4 Bg7 5. Bd3 O-O 6. Nbd2 e6 7. c3 Nbd7 8. O-O
b6 9. e4 Bb7 10. e5 Nd5 11. Ne4 dxe5 12. fxe5 c5 13. Nd6 Qc7 14. Ng5 Qc6 15.
Be4 f5 16. Bf3 c4 17. Nxe6 Rfb8 18. Nf4 Nxe5 19. dxe5 Bxe5 20. Bxd5+ 1-0

[Event "Sparkassen-Open B"]
[Site "Heusenstamm, Martinsee"]
[Date "2017.11.26"]
[Round "6.4"]
[White "Edel, Fenja"]
[Black "Sikorra, Philipp"]
[Result "1-0"]
[WhiteElo "1694"]
[BlackElo "1755"]
[PlyCount "120"]
[EventDate "2017.??.??"]
[WhiteTeam "SV Springe"]
[BlackTeam "SC Ladja Roßdorf"]

1. e4 e5 2. Nc3 Nf6 3. Bc4 Nc6 4. d3 Na5 5. Bb3 Nxb3 6. axb3 Bc5 7. f4 d6 8.
Na4 Bxg1 9. Rxg1 Ng4 10. g3 exf4 11. Bxf4 Nxh2 12. Qh5 Ng4 13. Bg5 Qd7 14. d4
h6 15. O-O-O Qe6 16. Bd2 Bd7 17. Nc3 O-O-O 18. Qa5 Kb8 19. Kb1 f5 20. Rde1 Rhe8
21. Rgf1 fxe4 22. Rxe4 Qg6 23. Ref4 Nf6 24. R4f3 Ne4 25. Nxe4 Qxe4 26. Rf7 Qg6
27. Qc3 Re2 28. d5 Re5 29. Rxd7 Rxd7 30. Qxe5 Rd8 31. Qe7 Rc8 32. Rf8 b6 33.
Bf4 Qh5 34. Rxc8+ Kxc8 35. Qxg7 Qd1+ 36. Bc1 h5 37. Qg5 Kb7 38. Qd2 Qf3 39. Qd3
Qg4 40. c4 h4 41. gxh4 Qxh4 42. Bd2 Qg4 43. Kc2 Qd7 44. b4 a6 45. Be3 Qa4+ 46.
Qb3 Qe8 47. Kb1 Qe4+ 48. Ka2 Qg4 49. c5 Qg6 50. c6+ Ka7 51. Qc3 Qg8 52. Qd3 Qf7
53. b5 a5 54. Bd2 Qf2 55. Qh7 Kb8 56. Qe7 Qf5 57. Qd8+ Qc8 58. Qxc8+ Kxc8 59.
Bg5 Kb8 60. Ka3 Ka7 1-0

[Event "Sparkassen-Open B"]
[Site "Heusenstamm, Martinsee"]
[Date "2017.11.26"]
[Round "6.6"]
[White "Lanz, Udo"]
[Black "Zerhusen, Martin"]
[Result "1/2-1/2"]
[WhiteElo "1782"]
[BlackElo "1751"]
[PlyCount "27"]
[EventDate "2017.??.??"]
[WhiteTeam "VSG Offenbach"]
[BlackTeam "SV Oberursel"]

1. e4 c6 2. d4 d5 3. exd5 cxd5 4. Bd3 Nf6 5. c3 Nc6 6. h3 e6 7. Nf3 a6 8. O-O
Be7 9. Bf4 O-O 10. a4 Bd6 11. Bg5 Be7 12. Bf4 Bd6 13. Bg5 Be7 14. Bf4 1/2-1/2

[Event "Sparkassen-Open B"]
[Site "Heusenstamm, Martinsee"]
[Date "2017.11.26"]
[Round "6.7"]
[White "Mügendt, Brian Christopher"]
[Black "Draxler, Gottfried"]
[Result "1-0"]
[WhiteElo "1732"]
[BlackElo "1781"]
[PlyCount "97"]
[EventDate "2017.??.??"]
[WhiteTeam "SC Heusenstamm"]
[BlackTeam "SF Neuberg"]

1. e4 c5 2. Nc3 Nc6 3. f4 d6 4. Bb5 Bd7 5. Bxc6 Bxc6 6. Nf3 e6 7. O-O Nf6 8. d3
Be7 9. Qe1 O-O 10. e5 Nd5 11. Ne4 Nb4 12. Qf2 Bxe4 13. dxe4 dxe5 14. Nxe5 f6
15. Nf3 Qc7 16. a3 Nc6 17. Be3 b6 18. Rad1 Rad8 19. Qe2 Rxd1 20. Rxd1 Rd8 21.
Rxd8+ Qxd8 22. Qc4 Qd7 23. f5 Nd8 24. a4 Kf8 25. e5 exf5 26. Qh4 Kg8 27. Qc4+
Kh8 28. b3 Qe6 29. Qb5 Qc6 30. Qc4 Qe6 31. Qb5 Qc6 32. Qc4 Qd7 33. Kf2 h6 34.
h4 Qe6 35. Qb5 Nc6 36. h5 fxe5 37. g3 Kg8 38. Bc1 Kf7 39. Qxc6 e4 40. Qxe6+
Kxe6 41. Ne1 Bf6 42. Ng2 a6 43. Nf4+ Kd6 44. Bd2 b5 45. axb5 axb5 46. c4 bxc4
47. bxc4 Bd4+ 48. Ke2 Bb2 49. Nd5 1-0

[Event "Sparkassen-Open B"]
[Site "Heusenstamm, Martinsee"]
[Date "2017.11.26"]
[Round "6.8"]
[White "Hambel, Christoph"]
[Black "Haftmann, Rainer"]
[Result "1/2-1/2"]
[WhiteElo "1679"]
[BlackElo "1768"]
[PlyCount "59"]
[EventDate "2017.??.??"]
[WhiteTeam "Bad Vilbeler Sfr"]
[BlackTeam "SG Dietzenbach"]

1. e4 e5 2. Nf3 Nc6 3. d4 exd4 4. Bc4 Nf6 5. O-O Nxe4 6. Re1 d5 7. Bxd5 Qxd5 8.
Nc3 Qa5 9. Rxe4+ Be6 10. Ne2 O-O-O 11. Nexd4 Nxd4 12. Rxd4 Bc5 13. Rxd8+ Rxd8
14. Bd2 Qb6 15. Qe2 h6 16. b4 Bd4 17. Nxd4 Qxd4 18. Be3 Qg4 19. f3 Qg6 20. Qf2
b6 21. a4 Kb8 22. Bd4 Bc4 23. a5 Qd6 24. c3 f6 25. axb6 cxb6 26. Qe1 Kb7 27.
Qe4+ Bd5 28. Qe2 Rd7 29. Bf2 Qc6 30. Bd4 1/2-1/2

[Event "Sparkassen-Open B"]
[Site "Heusenstamm, Martinsee"]
[Date "2017.11.26"]
[Round "6.9"]
[White "Schwarz, Matthias"]
[Black "Hänselmann, Hendrik"]
[Result "0-1"]
[WhiteElo "1767"]
[BlackElo "1597"]
[PlyCount "54"]
[EventDate "2017.??.??"]
[WhiteTeam "SG Idstein"]
[BlackTeam "Karlsruher SF"]

1. e4 c5 2. Nf3 a6 3. d4 cxd4 4. Nxd4 Nf6 5. Nc3 e5 6. Nf3 Bb4 7. Bd3 d6 8. a3
Ba5 9. O-O O-O 10. b4 Bb6 11. Bg5 Nbd7 12. Nd5 Ba7 13. Nd2 b5 14. Qf3 Bb7 15.
Nxf6+ Nxf6 16. c4 Bd4 17. Ra2 Bc6 18. Nb3 Bb6 19. Rd1 bxc4 20. Bxc4 Bxe4 21.
Bxf6 Bxf3 22. Bxd8 Bxd1 23. Bxb6 Rfc8 24. Na5 d5 25. Bxd5 Rc1 26. Be3 Rb1 27.
Be4 Bc2+ 0-1

[Event "Sparkassen-Open B"]
[Site "Heusenstamm, Martinsee"]
[Date "2017.11.26"]
[Round "6.11"]
[White "Westhof, Benedikt"]
[Black "Kohn, Matthias"]
[Result "0-1"]
[WhiteElo "1681"]
[BlackElo "1739"]
[PlyCount "42"]
[EventDate "2017.??.??"]
[WhiteTeam "SC Heusenstamm"]
[BlackTeam "SF Mahndorf"]

1. d4 c5 2. d5 d6 3. c4 g6 4. Nf3 Bg7 5. e4 e6 6. Bd3 Ne7 7. O-O O-O 8. Nc3
exd5 9. cxd5 Bg4 10. h3 Bxf3 11. Qxf3 Nd7 12. Bf4 Ne5 13. Qe3 f5 14. Rfd1 fxe4
15. Qxe4 Nf5 16. Rd2 Nd4 17. Ne2 Nxd3 18. Nxd4 Nxf4 19. Ne6 Nxe6 20. dxe6 Qe7
21. Rad1 Bd4 0-1

[Event "Sparkassen-Open B"]
[Site "Heusenstamm, Martinsee"]
[Date "2017.11.26"]
[Round "6.12"]
[White "Füssel, Jan Michael"]
[Black "Emig, Nils"]
[Result "1-0"]
[WhiteElo "1772"]
[BlackElo "1600"]
[PlyCount "71"]
[EventDate "2017.??.??"]
[WhiteTeam "VSG Offenbach"]
[BlackTeam "SK Marburg"]

1. b3 Nf6 2. Bb2 g6 3. Nf3 Bg7 4. g3 O-O 5. Bg2 Nc6 6. O-O d6 7. c4 Bg4 8. Nc3
Bf5 9. d3 Nd7 10. e4 Bg4 11. Qd2 e5 12. Nd5 Nf6 13. Nh4 Nxd5 14. cxd5 Nd4 15.
Bxd4 exd4 16. f4 Bd7 17. Qb4 Bc8 18. Rac1 Re8 19. Nf3 a5 20. Qc4 Re7 21. Nxd4
b5 22. Nxb5 Ba6 23. Qc6 Qb8 24. Nxc7 Qa7+ 25. Kh1 Bxd3 26. Qxa8+ Qxa8 27. Nxa8
Bxf1 28. Rxf1 Bd4 29. Rc1 Bc5 30. a3 Bxa3 31. Rc8+ Kg7 32. Nc7 Bb2 33. Ne8+ Kh6
34. Nxd6 Rd7 35. e5 Ba3 36. Bh3 1-0

[Event "Sparkassen-Open B"]
[Site "Heusenstamm, Martinsee"]
[Date "2017.11.26"]
[Round "6.13"]
[White "John, Volkmar"]
[Black "Al-Butmeh, Firas"]
[Result "1-0"]
[WhiteElo "1796"]
[BlackElo "1325"]
[PlyCount "41"]
[EventDate "2017.??.??"]
[WhiteTeam "SK Herborn"]
[BlackTeam "SV Lahn Limburg"]

1. e4 c5 2. Nf3 g6 3. d4 cxd4 4. Nxd4 Nc6 5. Nc3 Bg7 6. Be3 a6 7. Qd2 d6 8.
O-O-O Nf6 9. f3 Qc7 10. Kb1 O-O 11. h4 b5 12. Nxc6 Qxc6 13. h5 b4 14. Nd5 Nxd5
15. exd5 Qa4 16. Bh6 Bxh6 17. Qxh6 Bf5 18. Bd3 Bxd3 19. Rxd3 Rac8 20. b3 Qa5
21. hxg6 1-0